Partidos políticos y grupos de presión en la integración europea (Registro nro. 6646)

Detalles MARC
000 -LEADER
fixed length control field 01540 a2200193 4500
001 - CONTROL NUMBER
control field 59311
005 - DATE AND TIME OF LATEST TRANSACTION
control field 20260407155847.0
008 - FIXED-LENGTH DATA ELEMENTS--GENERAL INFORMATION
fixed length control field 260407a1966 arg spa d
003 - CONTROL NUMBER IDENTIFIER
control field AR-UNSa-BCEJYS
040 ## - CATALOGING SOURCE
Original cataloging agency AR-UNSa-BCEJYS
Language of cataloging spa
Transcribing agency AR-UNSa-BCEJYS
080 ## - UNIVERSAL DECIMAL CLASSIFICATION NUMBER
Universal Decimal Classification number 338(4)
Common auxiliary subdivision Situación económica de Europa. Política económica. Gestión de la economía. Planificación de la economía. Producción. Servicios. Precios
100 1# - MAIN ENTRY--PERSONAL NAME
Personal name Haas, Ernst B.
245 10 - TITLE STATEMENT
Title Partidos políticos y grupos de presión en la integración europea
264 #1 - PRODUCTION, PUBLICATION, DISTRIBUTION, MANUFACTURE, AND COPYRIGHT NOTICE
Place of production, publication, distribution, manufacture Buenos Aires :
Name of producer, publisher, distributor, manufacturer BID/INTAL (Banco Interamericano de Desarrollo. Instituto para la integración de América Latina)
Date of production, publication, distribution, manufacture, or copyright notice 1966
300 ## - PHYSICAL DESCRIPTION
Extent 641 p.
Dimensions 23 cm.
505 ## - FORMATTED CONTENTS NOTE
Formatted contents note Primer Parte: Integración: ideología e instituciones: 1. Comunidad e integración 2. La naturaleza de la supranacionalidad – 3. El mercado común en funcionamiento – Segunda Parte: Procesos de integración al nivel nacional: 4. Los partidos políticos: 1952 y 1957 – 5. Las asociaciones empresarias: 1952 y 1957 – 6. Los sindicatos: 1952 y 1957 – 7. La conducta de los gobiernos miembros - Tercera Parte: Procesos de integración al nivel supranacional: 8. La lógica expansiva de la integración por sectores – 9. Asociaciones empresarias supranacionales – 10. Sindicatos supranacionales – 11. Partidos políticos supranacionales – 12. ¿Es la Alta Autoridad ejecutivo federal independiente? – 13. Nuevas formas de cooperación intergubernamental -
590 ## - LOCAL NOTE (RLIN)
Local note niveau_biblio:m niveau_hierar:0
942 ## - ADDED ENTRY ELEMENTS (KOHA)
Koha item type
Existencias
Withdrawn status Lost status Damaged status Not for loan Home library Current library Shelving location Date acquired Total checkouts Full call number Barcode Date last seen Price effective from Koha item type
        Biblioteca Prof. Eusebio Cleto del Rey Biblioteca Prof. Eusebio Cleto del Rey   07/04/2026   338(4) H112 L13830 07/04/2026 07/04/2026 Libro
        Biblioteca Prof. Eusebio Cleto del Rey Biblioteca Prof. Eusebio Cleto del Rey   07/04/2026   338(4) H112 L65026 07/04/2026 07/04/2026 Libro